Quizz Troupes et Héros de clash of clans - Statistiques

Statistiques générales
  • Ce quiz a été pris 207 fois
    202 depuis la dernière actualisation
  • Le résultat moyen est 57 sur 87
Statistiques - réponses
Place occupée Troupe Clash of clans % Correct
1 Barbare
99%
4 Barbare enragé
99%
25 (si rappel) Roi des barbares
99%
5 Super barbare
99%
5 Super barbare
99%
30 Electro dragon
96%
25 (si rappel) Reine des archères
96%
1 Archère
94%
4 Archère furtive
94%
10 Archères furtives
94%
10 Bébé dragon
94%
1 Bébé dragon
94%
15 Dragon de l'enfer
94%
12 Super archère
94%
40 Super dragon
94%
40 Super dragon
94%
10 Super sorcier
94%
10 Super sorcier
94%
4 Sorcier
93%
1 Sorcier pyroéléctrique
93%
20 Dragon
92%
15 Dragon de l'enfer
92%
5 Géant
90%
1 Géant boxeur
89%
10 Super géant
89%
10 Super géant
89%
30 Golem
86%
15 Golem de glace
86%
160 Golem des montagnes
86%
4 Bêta gargouille
84%
10 Horde de gargouille
84%
12 Super gargouille
84%
5 Ballon
83%
25 PEKKA
83%
2 Gargouille
81%
1 Giga PEKKA
81%
40 Giga PEKKA
81%
8 Ballon à propulsion
79%
1 Ballon livreur
79%
15 Ballons à propulsion
79%
1 Sorcière de la nuit
78%
40 Super sorcière
78%
3 Gobelin furtif
77%
2 Sapeur
77%
12 Sorcière
77%
1 Gobelin
76%
8 Super sapeur
76%
30 Molosse de lave
74%
40 Molosse de glace
73%
20 Apprenti gardien
72%
25 (si rappel) Grand gardien
70%
8 Valkyrie
66%
32 Electro titanide
65%
14 Guérisseuse
65%
20 Super valkyrie
65%
20 (si rappel) Electro chouette
61%
6 Mineur
60%
24 Super mineur
60%
25 Super mineur
60%
25 (si rappel) Championne royale
59%
25 Chevaucheur de dragon
59%
2 Chevaucheur du ciel
59%
12 Super chevaucheur
59%
5 Chevaucheur de cochon
48%
15 Cochons de raid
48%
6 Bouliste
44%
30 Super bouliste
44%
18 Yéti
43%
6 Chasseuse de tête
41%
20 (si rappel) Licorne
41%
1 Charrette à canon
34%
20 (si rappel) LASSI
25%
1 Bombardier
23%
20 Cavalière sylvestre
22%
20 (si rappel) Phénix
21%
20 (si rappel) Yak robuste
21%
20 (si rappel) Lézard létal
20%
20 (si rappel) Pablo
19%
20 (si rappel) Renard spirituel
16%
5 Bélier de combat
15%
100 Méga zappy
10%
20 (si rappel) Flocon
9%
Inconnu Machine de combat
8%
Inconnu Hélico de combat
5%
100 Forteresse volante
4%
30 Charrette de raid
1%
15 Fûts à squelettes
1%
Aucun quiz correspondant
Distribution des résultats
% des personnes avec chaque résultat
Percentile par nombre de réponses
Votre historique - résultats
Vous n’avez pas pris ce quiz depuis la dernière actualisation